Premlčanie a preklúzia v občianskom práve
Právne následky premlčania a preklúzie. Rozdiel medzi nimi.
Salvato in:
| Autore principale: | |
|---|---|
| Natura: | Capitolo di libro |
| Lingua: | slovacco |
| Soggetti: | |
| Tags: |
Nessun Tag, puoi essere il primo ad aggiungerne!!
|
MARC
| LEADER | 00000naa a2200000 4500 | ||
|---|---|---|---|
| 001 | 0213956 | ||
| 005 | 20231120130948.2 | ||
| 041 | 0 | |a slo | |
| 044 | |a SK | ||
| 245 | 1 | 0 | |a Premlčanie a preklúzia v občianskom práve |c Martina Kovalčíková |
| 520 | |a Právne následky premlčania a preklúzie. Rozdiel medzi nimi. | ||
| 610 | 2 | 0 | |a premlčanie |
| 610 | 2 | 0 | |a právo občianske |
| 610 | 2 | 0 | |a konanie súdne občianske |
| 610 | 2 | 0 | |a vzťahy občianskoprávne |
| 100 | 1 | |a Kovalčíková, Martina | |